书目信息 |
| 题名: |
全国一级建造师考试教材精编
|
|
| 作者: | 《全国一级建造师考试教材精编》编委会编 | |
| 分册: | 专业工程管理与实务(机电工程) | |
| 出版信息: | 天津 天津科学技术出版社 2018 |
|
| 页数: | 209页 | |
| 开本: | 26cm | |
| 丛书名: | ||
| 单 册: | ||
| 中图分类: | TU-42 | |
| 科图分类: | ||
| 主题词: | 建筑师--资格考试--自学参考资料 , 机电工程--资格考试--自学参考资料 | |
| 电子资源: | ||
| ISBN: | 978-7-5576-3363-9 | |
| 000 | 00913nam0 2200229 45 | |
| 001 | 012001003510 | |
| 005 | 20140102101007.0 | |
| 010 | @a978-7-5576-3363-9@dCNY159.00 | |
| 100 | @a20171222d2017 em y0chiy50 ea | |
| 101 | 0 | @achi |
| 102 | @aCN@b120000 | |
| 105 | @ak z 000yy | |
| 106 | @ar | |
| 200 | 1 | @a全国一级建造师考试教材精编@9quan guo yi ji jian zao shi kao shi jiao cai jing bian@i专业工程管理与实务(机电工程)@f《全国一级建造师考试教材精编》编委会编 |
| 210 | @a天津@c天津科学技术出版社@d2018 | |
| 215 | @a209页@d26cm | |
| 330 | @a本书分为机电工程技术、机电工程项目施工管理、机电工程项目施工相关法规与标准三部分,包括机电工程常用材料及工程设备、机电工程专业技术、工业机电工程安装技术、建筑机电工程安装技术等。 | |
| 606 | 0 | @a建筑师@x资格考试@j自学参考资料 |
| 606 | 0 | @a机电工程@x资格考试@j自学参考资料 |
| 690 | @aTU-42@v5 | |
| 801 | 0 | @aCN@b北京卓展@c20191020 |
| 905 | @b1211920-2@dTU-42@e903@f3 | |
| 全国一级建造师考试教材精编.专业工程管理与实务(机电工程)/《全国一级建造师考试教材精编》编委会编.-天津:天津科学技术出版社,2018 |
| 209页;26cm |
| ISBN 978-7-5576-3363-9:CNY159.00 |
| 本书分为机电工程技术、机电工程项目施工管理、机电工程项目施工相关法规与标准三部分,包括机电工程常用材料及工程设备、机电工程专业技术、工业机电工程安装技术、建筑机电工程安装技术等。 |
| ● |
| 相关链接 |
|
|
|
|
正题名:全国一级建造师考试教材精编
索取号:TU-42/903
 
预约/预借
| 序号 | 登录号 | 条形码 | 馆藏地/架位号 | 状态 | 备注 |
| 1 | 1211920 | 212119205 | 第二样本阅览室/ [索取号:TU-42/903] | 在馆 | |
| 2 | 1211921 | 212119214 | 第三借阅区/ [索取号:TU-42/903] | 在馆 | |
| 3 | 1211922 | 212119223 | 第三借阅区/ [索取号:TU-42/903] | 在馆 |